00302nam a2200109Ia 450000500170000000800410001710000200005824500690007826000170014730000110016465000170017520260328104324.0260328s9999||||xx |||||||||||||| ||und|| aPérez, Emilia 0aÁlvaro Siza Conversaciones con Valdemar Cruz /cEmilia Pérez bGustavo Gili a117 p. aALVARO SIZA